Kitāb Ẓarāʼif al-laṭāʼif /
Main Author:
Format: Book
Language: Arabic
Published:
Miṣr :
al-Maṭbaʻah al-ʻUmūmīyah,
1896.
Subjects:
Tags: Add Tag
Call Number: PN6222 .E4 Z3 v.2
| LEADER | 01039nam a2200241Ia 4500 | ||
|---|---|---|---|
| 003 | OSt | ||
| 005 | 20240121115133.0 | ||
| 008 | 130303s1896 ua 000 0 ara d | ||
| 952 | |0 0 |1 0 |2 lcc |3 V.2 |4 0 |6 PN6222 E4 Z3 V.00002 |7 1 |9 59718 |a ARCE |b ARCE |d 2024-01-21 |l 0 |o PN6222 .E4 Z3 v.2 |p 1029378 |r 2024-01-21 00:00:00 |w 2024-01-21 |y BK | ||
| 999 | |c 29351 |d 29351 | ||
| 040 | |c ARCE Library | ||
| 050 | 4 | |a PN6222 .E4 Z3 v.2 | |
| 100 | 1 | |6 880-01 |a Fāris Ibrāhīm. |e author | |
| 245 | 1 | 0 | |6 880-02 |a Kitāb Ẓarāʼif al-laṭāʼif / |c Fāris Ibrāhīm. |
| 264 | 1 | |a Miṣr : |b al-Maṭbaʻah al-ʻUmūmīyah, |c 1896. | |
| 300 | |a volume <2> ; |c 24 cm. | ||
| 500 | |a "Yaḥtawī ʻalá milḥ, wa-nawādir wa-fakāhāt, wa-ḥikāyāt adabīyah wa-qiṣaṣ nisāʾīyah, wa-amthāl ʻan al-nisāʾ ..." | ||
| 650 | 0 | |a Arabic literature |v Anecdotes. | |
| 650 | 0 | |a Elegiac poetry, Arabic. | |
| 880 | 1 | |6 100-01/(3/r |a فارس إبراهيم | |
| 880 | 1 | 0 | |6 245-02/(3/r |a كتاب ظرائف اللطائف |c فارس إبراهيم |
| 901 | |a reviewed | ||
| 942 | |c BK |2 lcc | ||
